| 000 | 00397nam a22001457a 4500 | ||
|---|---|---|---|
| 999 |
_c533022 _d533022 |
||
| 003 | NUST | ||
| 020 |
_a9789697576418 _qP/B. |
||
| 038 | _awaseem | ||
| 082 |
_a297 _bAHM |
||
| 100 |
_aAhmed Bin Yusuf Al Darwaish _926697 |
||
| 245 |
_aWali-Ul-Ammar Ki Ataat / _cAhmed Bin Yusuf Al Darwaish |
||
| 260 |
_aIslamabad : _bInternational Islamic University, _c2018. |
||
| 300 | _a70 p. ; | ||
| 942 |
_2ddc _cBK |
||